[Event "BEL-ch opB"]
[Site "Westerlo"]
[Date "2004.07.??"]
[Round "8"]
[White "Laeremans, Louis"]
[Black "Brugali, Nicolas"]
[Result "0-1"]
[WhiteElo "1497"]
[BlackElo "1658"]
[PlyCount "114"]
[EventDate "2004.07.??"]
[EventType "swiss"]
[EventRounds "9"]
[EventCountry "BEL"]
[SourceTitle "EXT 2005"]
[Source "ChessBase"]
[SourceDate "2004.11.15"]
[SourceVersion "1"]
[SourceVersionDate "2004.11.15"]
[SourceQuality "1"]

1. d4 d5 2. c4 c6 3. Nc3 Bf5 4. e3 e6 5. Bd3 Bxd3 6. Qxd3 Bb4 7. c5 Nf6 8. a3 Ba5 9. f3 Nbd7 10. b4 Bc7 11. e4 e5 12. Be3 exd4 13. Bxd4 Ne5 14. Bxe5 Bxe5 15. Rd1 0-0 16. Nge2 dxe4 17. Nxe4 Qxd3 18. Nxf6+ Bxf6 19. Rxd3 Rad8 20. Rd2 Rxd2 21. Kxd2 Rd8+ 22. Kc2 g5 23. g4 Be5 24. h3 Kg7 25. Rf1 h6 26. f4 Bc7 27. f5 Re8 28. Ng1 Re3 29. Rf3 Re1 30. Rd3 Rxg1 31. Rd7 Bf4 32. Rxb7 Rg2+ 33. Kb3 Rg3+ 34. Ka4 Bc1 35. b5 Rxa3+ 36. Kb4 cxb5 37. c6 a5+ 38. Kxb5 Bf4 39. Ra7 Rxh3 40. Rxa5 Rc3 41. Ra4 Kf6 42. Rd4 h5 43. gxh5 Kxf5 44. h6 Kg6 45. Rd7 Kxh6 46. Rxf7 Kg6 47. Rf8 Kh5 48. Rf6 Kg4 49. Kb4 Rc1 50. Rh6 Kg3 51. Kb5 g4 52. Rh5 Kf3 53. Rh7 g3 54. Rd7 g2 55. Kb6 g1Q+ 56. Kb7 Rb1+ 57. Kc8 Rb8# 0-1